[Event "aut_chT04"]
[Site "Fuerstenfeld"]
[Date "2005.03.20"]
[Round "11"]
[Board "2"]
[White "Balogh, Csaba"]
[Black "Ribli, Zoltan"]
[Result "1/2-1/2"]
[WhiteElo "2519"]
[BlackElo "2603"]
[PlyCount "29"]

1.e4 c5 2.Nf3 d6 3.Nc3 a6 4.d4 cxd4 5.Nxd4 Nf6 6.Be3 e6 7.f3 b5 8.Qd2 Nbd7 9.g4
Nb6 10.a4 Nc4 11.Bxc4 bxc4 12.a5 Bb7 13.Na4 Rc8 14.Nb6 c3 15.Na4

[Event "aut_chT04"]
[Site "Fuerstenfeld"]
[Date "2005.03.20"]
[Round "11"]
[Board "3"]
[White "Stohl, Igor"]
[Black "Fogarasi, Tibor"]
[Result "1/2-1/2"]
[WhiteElo "2554"]
[BlackElo "2442"]
[PlyCount "22"]

1.Nf3 Nf6 2.c4 g6 3.Nc3 d5 4.cxd5 Nxd5 5.Qa4+ Bd7 6.Qh4 Nxc3 7.Qd4 f6 8.Qxc3 Nc6
9.b4 a6 10.a3 e5 11.d3 Bd6

[Event "aut_chT04"]
[Site "Fuerstenfeld"]
[Date "2005.03.20"]
[Round "11"]
[Board "4"]
[White "Baumegger, Siegfried"]
[Black "Brestian, Egon"]
[Result "1/2-1/2"]
[WhiteElo "2417"]
[BlackElo "2415"]
[PlyCount "30"]

1.d4 Nf6 2.c4 g6 3.Nc3 Bg7 4.e4 d6 5.f4 c5 6.d5 O-O 7.Nf3 e6 8.Be2 exd5 9.cxd5
Re8 10.Nd2 Na6 11.O-O Nc7 12.a4 Rb8 13.Bf3 b6 14.Re1 Ba6 15.Ndb1 Nd7

[Event "aut_chT04"]
[Site "Fuerstenfeld"]
[Date "2005.03.20"]
[Round "11"]
[Board "6"]
[White "Wach, Markus"]
[Black "Bawart, Markus"]
[Result "1-0"]
[WhiteElo "2369"]
[BlackElo "2355"]
[PlyCount "69"]

1.e4 c5 2.Nf3 Nc6 3.Nc3 g6 4.d4 cxd4 5.Nxd4 Bg7 6.Be3 d6 7.Qd2 Nf6 8.f3 O-O
9.O-O-O Nxd4 10.Bxd4 Be6 11.Kb1 a6 12.h4 h5 13.g4 hxg4 14.h5 Nxh5 15.Bxg7 Nxg7
16.Qh6 f6 17.Qh7+ Kf7 18.Rh6 Rg8 19.Rxg6 Qf8 20.Rh6 Ke8 21.f4 Rc8 22.f5 Bf7
23.e5 fxe5 24.f6 Rxc3 25.bxc3 exf6 26.Rxf6 Rh8 27.Qe4 Bxa2+ 28.Kxa2 Qxf6 29.Bc4
Rh2 30.Qxb7 Kf8 31.Rxd6 Rxc2+ 32.Kb3 Qf2 33.Qc8+ Ne8 34.Rd8 Rxc3+ 35.Kxc3

[Event "aut_chT04"]
[Site "Fuerstenfeld"]
[Date "2005.03.20"]
[Round "11"]
[Board "1"]
[White "Groszpeter, Attila"]
[Black "Baklan, Vladimir"]
[Result "1/2-1/2"]
[WhiteElo "2524"]
[BlackElo "2578"]
[PlyCount "32"]

1.e4 e6 2.d4 d5 3.Nc3 Nf6 4.Bg5 dxe4 5.Nxe4 Nbd7 6.Nxf6+ Nxf6 7.Nf3 h6 8.Bh4 c5
9.Bb5+ Bd7 10.Bxd7+ Qxd7 11.Qe2 Be7 12.dxc5 O-O 13.O-O Bxc5 14.Ne5 Qd4 15.Nf3
Qd7 16.Rad1 Qc7

[Event "aut_chT04"]
[Site "Fuerstenfeld"]
[Date "2005.03.20"]
[Round "11"]
[Board "2"]
[White "Kindermann, Stefan"]
[Black "Tibensky, Robert"]
[Result "1/2-1/2"]
[WhiteElo "2536"]
[BlackElo "2442"]
[PlyCount "84"]

1.e4 c5 2.Nf3 g6 3.d4 cxd4 4.Nxd4 Nc6 5.c4 Bg7 6.Nc2 Nf6 7.Nc3 O-O 8.Be2 b6
9.O-O Bb7 10.Bg5 Rc8 11.f3 d6 12.Qd2 Qd7 13.Rad1 Rfd8 14.b3 Qe8 15.Rfe1 Qf8
16.Bf1 h6 17.Bh4 Kh7 18.Nd5 Ne8 19.f4 Rd7 20.Be2 e6 21.Nde3 Qh8 22.Rf1 Rdc7
23.Bg4 Bf6 24.Bg3 h5 25.Bf3 Kg8 26.Qe2 Rd8 27.Rd2 Rcc8 28.Rfd1 Be7 29.Qe1 Ba8
30.Bh4 Kf8 31.Bxe7+ Kxe7 32.Rd3 a5 33.Nd5+ exd5 34.exd5+ Ne5 35.fxe5 dxe5 36.Nd4
Kf8 37.Nc6 Bxc6 38.dxc6 Rxd3 39.Rxd3 f5 40.Rd1 Qf6 41.Bd5 Qd6 42.Kh1 Nf6

[Event "aut_chT04"]
[Site "Fuerstenfeld"]
[Date "2005.03.20"]
[Round "11"]
[Board "3"]
[White "Ganaus, Hannes"]
[Black "Kosten, Anthony C."]
[Result "1/2-1/2"]
[WhiteElo "2315"]
[BlackElo "2527"]
[PlyCount "112"]

1.e4 e6 2.d4 d5 3.exd5 exd5 4.c4 Nf6 5.Nc3 Bb4 6.Bd3 dxc4 7.Bxc4 O-O 8.Nge2 Nbd7
9.O-O Nb6 10.Bb3 Re8 11.Bg5 Be6 12.Bxe6 Rxe6 13.Nf4 Re8 14.Nh5 Be7 15.Bxf6 Bxf6
16.Qf3 Bxd4 17.Rad1 c5 18.Nb5 Re5 19.Ng3 Qd7 20.Nxd4 cxd4 21.Ne2 Rd5 22.Nf4 Rd6
23.Rfe1 Rd8 24.Re4 h6 25.Nd3 Rf6 26.Qg3 Qd6 27.Qxd6 Rfxd6 28.Nc5 Rd5 29.b4 Nc4
30.Nxb7 Rb8 31.Rexd4 Rxd4 32.Rxd4 Na3 33.Rd8+ Rxd8 34.Nxd8 Kf8 35.Nc6 Nb5 36.a4
Nc3 37.Nxa7 Nxa4 38.f4 Ke7 39.Kf2 Nc3 40.Nc6+ Kd6 41.Ne5 f6 42.Nd3 Kd5 43.Kf3 g6
44.f5 gxf5 45.Kf4 Kc4 46.Ne1 Kxb4 47.Kxf5 Nd5 48.h4 Kc3 49.g3 Ne3+ 50.Kxf6 Kd2
51.Ng2 Nxg2 52.Kg6 Ne3 53.Kxh6 Nf5+ 54.Kg5 Nxg3 55.Kg4 Ne4 56.Kf4 Nf6

[Event "aut_chT04"]
[Site "Fuerstenfeld"]
[Date "2005.03.20"]
[Round "11"]
[Board "4"]
[White "Karner, Christoph"]
[Black "Franzen, Jozef"]
[Result "1-0"]
[WhiteElo "2370"]
[BlackElo "2390"]
[PlyCount "99"]

1.d4 Nf6 2.Nf3 e6 3.c4 Bb4+ 4.Nc3 b6 5.Bg5 Bb7 6.Qc2 h6 7.Bh4 g5 8.Bg3 Ne4 9.Be5
f6 10.d5 fxe5 11.Qxe4 Bxc3+ 12.bxc3 Qf6 13.h4 gxh4 14.Nxe5 d6 15.Qg6+ Ke7
16.Qxf6+ Kxf6 17.Ng4+ Kg5 18.Ne3 Re8 19.Rd1 e5 20.c5 bxc5 21.Rb1 Ba6 22.Rb3 Nd7
23.Ra3 Bb7 24.c4 Nb6 25.Nd1 Nxc4 26.Rah3 Bxd5 27.Rxh4 Rh8 28.e3 Nb6 29.Nc3 h5
30.f4+ exf4 31.exf4+ Kf6 32.Rxh5 Rxh5 33.Rxh5 Bf7 34.Ne4+ Kg7 35.Rg5+ Kf8 36.Bb5
Bxa2 37.Bc6 Rb8 38.Rh5 Kg7 39.f5 Rg8 40.g4 Bf7 41.Rh3 Nc4 42.f6+ Kg6 43.Bd7 Bd5
44.Bf5+ Kf7 45.Rh7+ Kf8 46.Rxc7 Bxe4 47.Be6 Nb6 48.Rf7+ Ke8 49.Rb7 Bxb7 50.f7+

[Event "aut_chT04"]
[Site "Fuerstenfeld"]
[Date "2005.03.20"]
[Round "11"]
[Board "5"]
[White "Wallner, Joachim"]
[Black "Wittmann, Walter"]
[Result "0-1"]
[WhiteElo "2278"]
[BlackElo "2386"]
[PlyCount "74"]

1.e4 c5 2.Nf3 d6 3.d4 cxd4 4.Nxd4 Nf6 5.Nc3 Nc6 6.Bc4 e6 7.Be3 Be7 8.Qe2 O-O
9.O-O-O a6 10.Bb3 Qc7 11.g4 Nd7 12.g5 Nc5 13.Rhg1 Bd7 14.Qh5 Rfc8 15.Kb1 Nxb3
16.cxb3 b5 17.Nf5 exf5 18.Nd5 Qd8 19.Bb6 Qf8 20.Nf6+ Bxf6 21.gxf6 g6 22.exf5 Kh8
23.fxg6 fxg6 24.Qg5 Bf5+ 25.Ka1 Rab8 26.Be3 Nb4 27.Rd2 Qf7 28.Bd4 Rc2 29.Bc3
Rxd2 30.Qxd2 Nc2+ 31.Kb1 d5 32.Be5 Rc8 33.Rc1 Kg8 34.a3 Nb4+ 35.Ka1 Rxc1+
36.Qxc1 Nd3 37.Qc7 Qxc7

[Event "aut_chT04"]
[Site "Fuerstenfeld"]
[Date "2005.03.20"]
[Round "11"]
[Board "6"]
[White "Watzka, Horst"]
[Black "Fusi, Christoph"]
[Result "1/2-1/2"]
[WhiteElo "2323"]
[BlackElo "2219"]
[PlyCount "66"]

1.e4 c6 2.Nc3 d5 3.d4 dxe4 4.Nxe4 Nd7 5.Bd3 Ngf6 6.Ng5 e6 7.N1f3 Bd6 8.Qe2 h6
9.Ne4 Nxe4 10.Qxe4 Qc7 11.Qg4 g5 12.Qh3 Rg8 13.Nd2 Bf8 14.O-O Bg7 15.c3 Nf6
16.Re1 Bd7 17.Nc4 O-O-O 18.Qg3 Qxg3 19.hxg3 Be8 20.Bc2 Nd5 21.a4 b6 22.Ne5 Kb7
23.a5 f6 24.Nd3 Nc7 25.Be3 Bf8 26.axb6 axb6 27.Ra2 Bg6 28.Rea1 Ra8 29.Rxa8 Nxa8
30.Ne1 Bxc2 31.Nxc2 Nc7 32.Bd2 Bd6 33.c4 Ra8

[Event "aut_chT04"]
[Site "Fuerstenfeld"]
[Date "2005.03.20"]
[Round "11"]
[Board "1"]
[White "Boensch, Uwe"]
[Black "Shchekachev, Andrei"]
[Result "0-1"]
[WhiteElo "2540"]
[BlackElo "2559"]
[PlyCount "128"]

1.d4 d6 2.e4 Nf6 3.f3 c5 4.d5 g6 5.c4 Bg7 6.Nc3 O-O 7.Bg5 Qa5 8.Qd2 a6 9.Rc1 e6
10.b3 Re8 11.Nge2 exd5 12.Nxd5 Qxd2+ 13.Kxd2 Nxd5 14.exd5 Nd7 15.Nc3 f5 16.h4
Rb8 17.h5 Ne5 18.hxg6 hxg6 19.Be2 b5 20.cxb5 Nf7 21.Be3 axb5 22.f4 b4 23.Nd1 Nh6
24.Rc2 Ng4 25.Bg1 Nf6 26.Bc4 Ra8 27.Rh3 Re4 28.Rf3 Bb7 29.Ne3 Nh5 30.g3 Bd4
31.Bf2 Nf6 32.Nd1 Bxd5 33.Bxd5+ Nxd5 34.Rd3 Nc3 35.Nxc3 Bxc3+ 36.Kd1 Ra6 37.Re3
Kf7 38.Ke2 Rxe3+ 39.Bxe3 Ra8 40.Kd3 Bf6 41.Kc4 Ke6 42.Bg1 Kd7 43.Re2 Re8 44.Rxe8
Kxe8 45.Kd5 Kd7 46.Be3 Bc3 47.Bf2 Bd2 48.Kc4 Kc6 49.Kd3 Bc1 50.Kc2 Ba3 51.Be3
Kd5 52.Kd3 Bb2 53.Bd2 Bd4 54.Bc1 Bf2 55.a3 bxa3 56.Bxa3 Bxg3 57.Bc1 Bh4 58.Be3
Bf6 59.Bc1 Kc6 60.Bd2 d5 61.Kc2 Kb5 62.Kd3 c4+ 63.bxc4+ dxc4+ 64.Kc2 Kc5

[Event "aut_chT04"]
[Site "Fuerstenfeld"]
[Date "2005.03.20"]
[Round "11"]
[Board "2"]
[White "Hertneck, Gerald"]
[Black "Schlosser, Philipp"]
[Result "1/2-1/2"]
[WhiteElo "2547"]
[BlackElo "2570"]
[PlyCount "60"]

1.d4 Nf6 2.c4 e6 3.Nf3 d5 4.g3 dxc4 5.Qa4+ Nbd7 6.Qxc4 c5 7.Bg2 a6 8.Qc2 Ra7
9.O-O b6 10.Nc3 Bb7 11.e4 Qa8 12.Re1 cxd4 13.Nxd4 Be7 14.f3 O-O 15.Be3 Rc8
16.Rac1 Qb8 17.Red1 Ba8 18.Qe2 Bb4 19.Na4 Rxc1 20.Rxc1 b5 21.a3 Bf8 22.Nc3 Rc7
23.Na2 Rxc1+ 24.Nxc1 Ne5 25.Nd3 Nfd7 26.Nxe5 Nxe5 27.Qc2 Nc4 28.Bf2 Nb6 29.Bf1
g6 30.Nc6 Qc7

[Event "aut_chT04"]
[Site "Fuerstenfeld"]
[Date "2005.03.20"]
[Round "11"]
[Board "3"]
[White "Kritz, Leonid"]
[Black "Zelcic, Robert"]
[Result "1/2-1/2"]
[WhiteElo "2547"]
[BlackElo "2514"]
[PlyCount "89"]

1.e4 Nf6 2.e5 Nd5 3.d4 d6 4.c4 Nb6 5.exd6 exd6 6.h3 Be7 7.Nf3 Bf5 8.Be2 O-O
9.O-O Nc6 10.d5 Ne5 11.Nxe5 dxe5 12.Be3 Nd7 13.Nc3 Bg6 14.Qd2 a5 15.Rad1 Nc5
16.b3 b6 17.Qb2 e4 18.Nb5 Bf6 19.Bd4 Bxd4 20.Qxd4 Qd7 21.f4 exf3 22.Bxf3 Rac8
23.Rfe1 Rfe8 24.Rxe8+ Rxe8 25.Qf4 Rc8 26.Bg4 f5 27.Bf3 Ne4 28.Bxe4 fxe4 29.Nd4
Re8 30.Qe3 h6 31.Qg3 Kh7 32.Re1 a4 33.Qf4 axb3 34.axb3 Qe7 35.Ne6 c6 36.Qe5 cxd5
37.cxd5 Qf6 38.Qxf6 gxf6 39.Rc1 h5 40.Rf1 f5 41.h4 Kg8 42.Nd4 e3 43.Ne6 Kf7
44.Rf3 Kf6 45.Rxe3

[Event "aut_chT04"]
[Site "Fuerstenfeld"]
[Date "2005.03.20"]
[Round "11"]
[Board "4"]
[White "Klinger, Josef"]
[Black "Lehner, Oliver"]
[Result "0-1"]
[WhiteElo "2442"]
[BlackElo "2406"]
[PlyCount "118"]

1.e4 c5 2.Nc3 Nc6 3.g3 g6 4.d3 Bg7 5.Be3 d6 6.Qd2 e5 7.Bg2 Nge7 8.f4 Nd4 9.Nf3
O-O 10.O-O Qb6 11.Nd1 Bg4 12.c3 Nxf3+ 13.Bxf3 Bxf3 14.Rxf3 exf4 15.Bxf4 d5
16.Nf2 dxe4 17.Nxe4 f5 18.Nd6 Nd5 19.Nc4 Qc6 20.Rff1 Nxf4 21.Qxf4 b5 22.Ne3 Rad8
23.a4 b4 24.cxb4 Bxb2 25.b5 Qe6 26.Rae1 Bc3 27.Re2 Rfe8 28.Qc4 Qxc4 29.dxc4 Rd3
30.Kf2 Bd4 31.Rfe1 g5 32.Kf3 Ra3 33.a5 Kf7 34.b6 axb6 35.axb6 Kf6 36.b7 Rb3
37.Kg2 Bxe3 38.Rxe3 Rexe3 39.Rxe3 Rxb7 40.Re2 Rb4 41.Rc2 Rb3 42.h4 gxh4 43.gxh4
Kg6 44.Rd2 Rc3 45.Rd6+ Kh5 46.Rd5 Rxc4 47.Rxf5+ Kg4 48.Rf7 Rc2+ 49.Kf1 h5
50.Rg7+ Kxh4 51.Rg8 Kh3 52.Rg7 h4 53.Ke1 Rg2 54.Rc7 Rg5 55.Kf2 Rf5+ 56.Ke3 Kg4
57.Rg7+ Rg5 58.Rf7 Re5+ 59.Kd3 h3

[Event "aut_chT04"]
[Site "Fuerstenfeld"]
[Date "2005.03.20"]
[Round "11"]
[Board "5"]
[White "Weinzettl, Ernst"]
[Black "Lendwai, Reinhard"]
[Result "1/2-1/2"]
[WhiteElo "2360"]
[BlackElo "2412"]
[PlyCount "34"]

1.e4 c5 2.Nf3 Nc6 3.Bb5 g6 4.Bxc6 dxc6 5.d3 Bg7 6.h3 Nf6 7.Nc3 Nd7 8.Be3 e5
9.Qd2 Qe7 10.Bh6 f6 11.Bxg7 Qxg7 12.a4 a5 13.Nh2 b6 14.f4 Ba6 15.O-O O-O-O 16.b3
Rhf8 17.Rae1 Kb7

[Event "aut_chT04"]
[Site "Fuerstenfeld"]
[Date "2005.03.20"]
[Round "11"]
[Board "6"]
[White "Danner, Georg"]
[Black "Kleissl, Helmut"]
[Result "1-0"]
[WhiteElo "2435"]
[BlackElo "2334"]
[PlyCount "89"]

1.d4 d6 2.c4 e5 3.d5 f5 4.e4 fxe4 5.Nc3 Nf6 6.Nge2 Bf5 7.Ng3 Bg6 8.Bg5 Be7
9.Bxf6 gxf6 10.h4 h5 11.Be2 f5 12.Bxh5 Bxh5 13.Nxh5 Kf7 14.Ng3 Qd7 15.h5 Rh6
16.Qb3 b6 17.Qb5 Qc8 18.a3 a6 19.Qa4 Bg5 20.Ke2 c6 21.Rad1 Ra7 22.dxc6 Nxc6
23.Nxf5 Qxf5 24.Qxc6 e3 25.Qf3 Qxf3+ 26.gxf3 exf2 27.Ne4 Be7 28.Nxf2 Rc7 29.Ng4
Rh8 30.Ne3 b5 31.cxb5 axb5 32.Nd5 Rc4 33.b3 Rc5 34.Nxe7 Kxe7 35.h6 Rh7 36.Kd3
Rc7 37.Rdg1 Ke6 38.Rg6+ Kd5 39.Rd1 Rcd7 40.Ke3+ Kc5 41.Rf6 Ra7 42.b4+ Kc4 43.Rd3
Ra6 44.Rg6 Rha7 45.Rg4+

[Event "aut_chT04"]
[Site "Fuerstenfeld"]
[Date "2005.03.20"]
[Round "11"]
[Board "1"]
[White "Bischoff, Klaus"]
[Black "Rotstein, Arkadij"]
[Result "1/2-1/2"]
[WhiteElo "2555"]
[BlackElo "2528"]
[PlyCount "24"]

1.c4 g6 2.d4 Bg7 3.e4 d6 4.Nc3 Nf6 5.f3 O-O 6.Be3 e5 7.Nge2 c6 8.Qd2 Nbd7 9.d5
cxd5 10.cxd5 Ne8 11.Nc1 f5 12.Nd3 Ndf6

[Event "aut_chT04"]
[Site "Fuerstenfeld"]
[Date "2005.03.20"]
[Round "11"]
[Board "1"]
[White "Rabiega, Robert"]
[Black "Gustafsson, Jan"]
[Result "1/2-1/2"]
[WhiteElo "2539"]
[BlackElo "2616"]
[PlyCount "37"]

1.e4 e5 2.Nf3 Nc6 3.Bb5 a6 4.Ba4 Nf6 5.O-O Be7 6.Re1 b5 7.Bb3 d6 8.c3 O-O 9.h3
Na5 10.Bc2 c5 11.d4 Nd7 12.Nbd2 exd4 13.cxd4 Nc6 14.Nf1 cxd4 15.Nxd4 Nxd4
16.Qxd4 Ne5 17.Qd1 Bf6 18.Ne3 Be6 19.Nd5

[Event "aut_chT04"]
[Site "Fuerstenfeld"]
[Date "2005.03.20"]
[Round "11"]
[Board "2"]
[White "Atlas, Valery"]
[Black "Wells, Peter"]
[Result "1/2-1/2"]
[WhiteElo "2478"]
[BlackElo "2519"]
[PlyCount "58"]

1.e4 c5 2.Nf3 Nc6 3.d4 cxd4 4.Nxd4 Nf6 5.Nc3 d6 6.g3 g6 7.Nde2 Bg7 8.Bg2 O-O
9.O-O Rb8 10.a4 a6 11.Nd5 b5 12.axb5 axb5 13.Be3 b4 14.Nd4 Bb7 15.Nxc6 Bxc6
16.Bd4 Bxd5 17.exd5 Qc7 18.Re1 Rfc8 19.Bh3 Re8 20.Ra7 Qc4 21.Bf1 Qxd5 22.Bg2 Qf5
23.Rexe7 Rxe7 24.Rxe7 Rc8 25.Rb7 h5 26.Bxf6 Bxf6 27.Qd5 Bxb2 28.Qxf5 gxf5
29.Rxb4 Rxc2

[Event "aut_chT04"]
[Site "Fuerstenfeld"]
[Date "2005.03.20"]
[Round "11"]
[Board "3"]
[White "Kotz, Heinz Peter"]
[Black "Naumann, Alexander"]
[Result "0-1"]
[WhiteElo "2347"]
[BlackElo "2538"]
[PlyCount "84"]

1.e4 c5 2.Nf3 d6 3.d4 cxd4 4.Nxd4 Nf6 5.Nc3 a6 6.Bc4 e6 7.Bb3 b5 8.O-O b4 9.Na4
Be7 10.Re1 O-O 11.c3 bxc3 12.Nxc3 Bb7 13.Qf3 Nc6 14.Nxc6 Bxc6 15.Qg3 Qa5 16.Bh6
Ne8 17.Rad1 Qh5 18.Bf4 Rd8 19.Qd3 Qa5 20.Bc4 Nc7 21.Qg3 Qb4 22.Bd3 Bf6 23.a3
Qxb2 24.Rb1 Qxa3 25.Nd5 Bxd5 26.e5 dxe5 27.Bxh7+ Kxh7 28.Qxa3 exf4 29.Qa5 Nb5
30.Qxa6 Nd4 31.Rbd1 g6 32.f3 Kg7 33.Rd3 Ra8 34.Qd6 Ra2 35.Kh1 g5 36.Red1 Rc8
37.h4 Nf5 38.Qd7 Rd8 39.Qc7 Rh8 40.Kg1 Rxh4 41.Rxd5 exd5 42.Rxd5 Ne3

[Event "aut_chT04"]
[Site "Fuerstenfeld"]
[Date "2005.03.20"]
[Round "11"]
[Board "4"]
[White "Baramidze, David"]
[Black "Fahrner, Kurt"]
[Result "1/2-1/2"]
[WhiteElo "2550"]
[BlackElo "2339"]
[PlyCount "56"]

1.e4 Nf6 2.e5 Nd5 3.c4 Nb6 4.d4 d6 5.exd6 cxd6 6.d5 e5 7.Bd3 Na6 8.Nd2 Nc5 9.Bc2
a5 10.a4 Be7 11.Ne2 Bg4 12.f3 Bh5 13.O-O O-O 14.b3 Bg6 15.f4 Nbd7 16.Kh1 Qb6
17.Rb1 Rae8 18.Nf3 Ne4 19.Rb2 Bf6 20.Bxe4 Bxe4 21.Ra2 Bb1 22.Ra1 Bg6 23.fxe5
Nxe5 24.Nxe5 Bxe5 25.Ra2 Bh5 26.Qd3 Bg6 27.Qd1 Bh5 28.Qd3 Bg6

[Event "aut_chT04"]
[Site "Fuerstenfeld"]
[Date "2005.03.20"]
[Round "11"]
[Board "5"]
[White "Kastner, Walter"]
[Black "Novkovic, Milan"]
[Result "1/2-1/2"]
[WhiteElo "2240"]
[BlackElo "2404"]
[PlyCount "26"]

1.Nf3 d5 2.c4 e6 3.g3 dxc4 4.Qa4+ Nd7 5.Bg2 a6 6.Qxc4 b5 7.Qc2 Bb7 8.O-O Ngf6
9.d3 Be7 10.b3 O-O 11.Bb2 c5 12.Nbd2 Rc8 13.Rac1 Qb6

[Event "aut_chT04"]
[Site "Fuerstenfeld"]
[Date "2005.03.20"]
[Round "11"]
[Board "6"]
[White "Gaertner, Guntram"]
[Black "Pfaffel, Thomas"]
[Result "1-0"]
[WhiteElo "2353"]
[BlackElo "2132"]
[PlyCount "109"]

1.d4 Nf6 2.c4 e6 3.Nc3 Bb4 4.Bg5 h6 5.Bh4 c5 6.d5 Bxc3+ 7.bxc3 d6 8.e3 Qe7 9.Nf3
e5 10.Qc2 Nbd7 11.Nd2 e4 12.Be2 g5 13.Bg3 Nf8 14.h4 Rg8 15.hxg5 hxg5 16.Rb1 Kd8
17.Qa4 Qc7 18.Kd1 Ng6 19.Kc1 Bf5 20.Kb2 b6 21.Ka1 Ne7 22.Rh6 Bg6 23.Rbh1 Nf5
24.R6h3 Ke7 25.Nf1 Rae8 26.Qd1 Kd8 27.Bg4 Nxg4 28.Qxg4 f6 29.Qd1 Qd7 30.Qb3 Kc7
31.Kb2 Kb7 32.a4 Ref8 33.Qb5 Rg7 34.Rh8 Rxh8 35.Rxh8 a6 36.Qxd7+ Rxd7 37.Bh2 Bh7
38.Rf8 Nh4 39.Rxf6 Kc7 40.g4 Nf3 41.Bg3 Bg8 42.Kb3 Rd8 43.Rg6 Bf7 44.Rh6 Rd7
45.Rh8 Kb7 46.Rh6 Kc7 47.Rf6 Bg8 48.Kc2 b5 49.axb5 axb5 50.Kb3 bxc4+ 51.Kxc4 Bf7
52.Rxd6 Rxd6 53.Kxc5 Kd7 54.Bxd6 Ne1 55.Bg3

[Event "aut_chT04"]
[Site "Fuerstenfeld"]
[Date "2005.03.20"]
[Round "11"]
[Board "1"]
[White "Lanka, Zigurds"]
[Black "Gyimesi, Zoltan"]
[Result "1/2-1/2"]
[WhiteElo "2455"]
[BlackElo "2602"]
[PlyCount "44"]

1.e4 c6 2.d4 d5 3.exd5 cxd5 4.c4 Nf6 5.Nc3 Nc6 6.Nf3 Bg4 7.cxd5 Nxd5 8.Qb3 Bxf3
9.gxf3 Nb6 10.Be3 e6 11.O-O-O Be7 12.d5 exd5 13.Nxd5 Nxd5 14.Rxd5 Qc7 15.Kb1 O-O
16.f4 Nb4 17.Rd4 Rfd8 18.Rxd8+ Rxd8 19.Be2 Qd7 20.Rc1 a6 21.a3 Nd5 22.Ka2 Nxe3

[Event "aut_chT04"]
[Site "Fuerstenfeld"]
[Date "2005.03.20"]
[Round "11"]
[Board "2"]
[White "Ftacnik, Lubomir"]
[Black "Maiwald, Jens-Uwe"]
[Result "1/2-1/2"]
[WhiteElo "2539"]
[BlackElo "2514"]
[PlyCount "58"]

1.d4 Nf6 2.Nf3 g6 3.c4 Bg7 4.Nc3 d6 5.e4 O-O 6.Be2 e5 7.O-O Nc6 8.d5 Ne7 9.Nd2
Ne8 10.b4 f5 11.c5 Nf6 12.f3 f4 13.Nc4 g5 14.g4 Rf7 15.cxd6 cxd6 16.Nb5 Ne8
17.a4 Bf8 18.Bd2 h5 19.h3 Rh7 20.Kg2 Ng6 21.Be1 Qf6 22.Rh1 Qh8 23.Bf2 Bd7
24.Nxa7 Nf6 25.Nb5 hxg4 26.hxg4 Rxh1 27.Qxh1 Qxh1+ 28.Rxh1 Rxa4 29.Nc7 Rxb4

[Event "aut_chT04"]
[Site "Fuerstenfeld"]
[Date "2005.03.20"]
[Round "11"]
[Board "3"]
[White "Gross, David"]
[Black "Babula, Vlastimil"]
[Result "0-1"]
[WhiteElo "2465"]
[BlackElo "2566"]
[PlyCount "64"]

1.e4 c5 2.Nf3 d6 3.d4 cxd4 4.Nxd4 Nf6 5.Nc3 a6 6.Be3 e5 7.Nb3 Be6 8.f3 Be7 9.Qd2
O-O 10.O-O-O Nbd7 11.g4 b5 12.g5 b4 13.Ne2 Ne8 14.f4 a5 15.f5 a4 16.fxe6 axb3
17.exf7+ Rxf7 18.Kb1 bxc2+ 19.Kxc2 Nb6 20.Nc1 d5 21.exd5 Nd6 22.h4 Nbc4 23.Bxc4
Nxc4 24.Qe2 Qc8 25.Kb1 Qf5+ 26.Ka1 Qe4 27.Bd2 Qxe2 28.Nxe2 Rf2 29.Rhe1 b3 30.Bc3
Rxa2+ 31.Kb1 Ba3 32.d6 Bxb2

[Event "aut_chT04"]
[Site "Fuerstenfeld"]
[Date "2005.03.20"]
[Round "11"]
[Board "4"]
[White "Stanec, Nikolaus"]
[Black "Tabernig, Bernhard"]
[Result "1-0"]
[WhiteElo "2566"]
[BlackElo "2344"]
[PlyCount "79"]

1.Nf3 d5 2.d3 Nf6 3.g3 Bg4 4.Bg2 Nbd7 5.h3 Bh5 6.g4 Bg6 7.Nh4 e6 8.e3 Be7 9.Qe2
c6 10.Nd2 Ng8 11.Nxg6 hxg6 12.Nf3 Bf6 13.c3 g5 14.d4 Qa5 15.e4 dxe4 16.Qxe4 Ne7
17.O-O Ng6 18.b4 Qd8 19.b5 O-O 20.bxc6 bxc6 21.Qxc6 Rc8 22.Qa4 Rxc3 23.Qxa7 Nb6
24.Bd2 Rxf3 25.Bxf3 Bxd4 26.Rad1 Nh4 27.Bh1 e5 28.Qb7 Nc4 29.Bb4 Ne3 30.fxe3
Bxe3+ 31.Kh2 Bf4+ 32.Rxf4 Qxd1 33.Rf2 Qd4 34.Be1 Qe3 35.Bd5 Kh7 36.Rxf7 Qe2+
37.Bf2 Rxf7 38.Qxf7 Ng6 39.Qf5 Kh8 40.Be4

[Event "aut_chT04"]
[Site "Fuerstenfeld"]
[Date "2005.03.20"]
[Round "11"]
[Board "5"]
[White "Kroell, Johannes"]
[Black "Weiss, Christian"]
[Result "0-1"]
[WhiteElo "2234"]
[BlackElo "2422"]
[PlyCount "118"]

1.Nc3 d5 2.e3 g6 3.f4 Bg7 4.Nf3 Nf6 5.d4 O-O 6.Be2 c6 7.O-O Nbd7 8.b3 Ne8 9.e4
dxe4 10.Nxe4 Nd6 11.Nf2 Nf6 12.Bd3 Bf5 13.Re1 Ng4 14.Rb1 Qc7 15.Ba3 Nxf2 16.Kxf2
Bg4 17.c3 Rad8 18.Qe2 Rfe8 19.h3 Bc8 20.g4 Nb5 21.Bxb5 cxb5 22.Qd2 Bh6 23.g5 Bg7
24.h4 Bg4 25.Ne5 Bf5 26.Rbc1 f6 27.Nf3 Bg4 28.Qe3 e6 29.Nd2 fxg5 30.hxg5 Bf5
31.Rh1 e5 32.Rce1 Qa5 33.Bb4 Qxa2 34.fxe5 Bxe5 35.Kf1 Bd6 36.Qxe8+ Rxe8 37.Rxe8+
Kf7 38.Re2 Bd3 39.Bxd6 Qxd2 40.Rxh7+ Kg8 41.Rhe7 Qxg5 42.Re8+ Kf7 43.Rf8+ Kg7
44.Rf3 Qc1+ 45.Kf2 Bxe2 46.Be5+ Kg8 47.Kxe2 Qc2+ 48.Ke3 Qxb3 49.Kf4 Qd1 50.Rh3
Qf1+ 51.Rf3 Qc1+ 52.Ke4 Qc2+ 53.Kf4 Qd2+ 54.Ke4 Qe2+ 55.Kf4 a5 56.Rh3 Qf1+
57.Kg4 Qg2+ 58.Rg3 Qe4+ 59.Kh3 a4

[Event "aut_chT04"]
[Site "Fuerstenfeld"]
[Date "2005.03.20"]
[Round "11"]
[Board "6"]
[White "Knoll, Hermann"]
[Black "Schiestl, Josef"]
[Result "1/2-1/2"]
[WhiteElo "2356"]
[BlackElo "2139"]
[PlyCount "161"]

1.e4 c5 2.Nf3 Nc6 3.Bb5 g6 4.O-O Bg7 5.c3 Nf6 6.Re1 O-O 7.h3 Qc7 8.d3 a6 9.Ba4
b5 10.Bb3 e5 11.Nbd2 d6 12.Nf1 h6 13.Ng3 Qe7 14.d4 Kh7 15.d5 Na5 16.Bc2 Nb7
17.b3 Bd7 18.Nh2 Ng8 19.Bd2 a5 20.a4 c4 21.bxc4 bxc4 22.Qe2 Rfc8 23.Be3 Nc5
24.Reb1 Qe8 25.Qd1 Nf6 26.Rb6 Bf8 27.f3 Rc7 28.Ne2 Rb8 29.Qb1 Rxb6 30.Qxb6 Rb7
31.Bxc5 Rxb6 32.Bxb6 Qa8 33.Nf1 Be8 34.Nd2 Nd7 35.Be3 Qa6 36.Rb1 Be7 37.Ng3 Bg5
38.Ngf1 Bxe3+ 39.Nxe3 Nb6 40.Ra1 Kg7 41.Kf2 Qc8 42.Bd1 Qc5 43.Ke2 Bd7 44.g4 f5
45.gxf5 gxf5 46.exf5 Nxd5 47.Nxd5 Qxd5 48.Bc2 Qf7 49.Rg1+ Kf8 50.f6 Qxf6 51.Rg6
Qf4 52.Rxd6 Bxh3 53.Rc6 Qh2+ 54.Ke3 Qg1+ 55.Ke2 Qg2+ 56.Ke3 Qg5+ 57.Ke2 Qg2+
58.Ke3 Qg1+ 59.Ke2 Bf1+ 60.Nxf1 Qg2+ 61.Ke1 Qxc2 62.Rxc4 h5 63.Ne3 Qd3 64.Re4
Qxc3+ 65.Kf2 Kg7 66.Ng2 Kg6 67.Kg3 Kf6 68.Kf2 Qc2+ 69.Kg3 Qb2 70.Nh4 Kg5 71.Ng2
Kf5 72.Ne3+ Kf6 73.Ng2 Qc2 74.Ne3 Qb1 75.Ng2 Qg1 76.Rh4 Kg5 77.Re4 Kf6 78.Rh4
Qd1 79.Re4 Qb1 80.Kf2 Kf5 81.Ne3+